MARC

LEADER 00000nrm a2200000Ia 4500
001 23395
003 BGR
005 20260324180549.0
008 160829s9999 xx 000 0 cat d
080 |a NBM-4-18 
245 |a Viu el Parc!   |h [Bossa] 
260 |a Barcelona :  |b Diputació de Barcelona. Àrea de Territori i Sostenibilitat, [2011] 
300 |a 1 bossa de paper ;  |c 46 x 32 cm 
590 |a Bossa amb les icones i noms dels parcs naturals de la província de Barcelona i la pàgina web (www.diba.cat/viuelparc) 
650 0 |9 54098  |a Objectes publicitaris 
655 0 |a Bosses  |9 54970 
710 1 |a Barcelona (Catalunya : Província).  |b Àrea de Territori i Sostenibilitat  |9 52770 
901 |a Arxiu 
942 |n 1  |2 udc  |c MON 
952 |0 0  |1 0  |4 0  |6 NBM418  |7 1  |9 54839  |a Arxiu  |b Arxiu  |d 2012-02-14  |l 0  |o NBM-4-18  |p 23395  |r 2016-12-01 00:00:00  |w 2016-12-01  |y ARXIU 
999 |c 58709  |d 58709